| 000 | 00368 a2200169 4500 | ||
|---|---|---|---|
| 001 | 188421 | ||
| 020 | _a978-85-08-10525-0 | ||
| 040 | _cMagnum | ||
| 100 | _aPiasecki, Jerry | ||
| 240 | 1 | 0 |
_aMeninos em guerra _lpor |
| 245 | 1 | 0 | _aMeninos em guerra |
| 300 | _a168 | ||
| 362 | 0 | _a2009 | |
| 440 | 1 | _aÁtica | |
| 697 | _aLITERATURA JUVENIL ESTRANGEIRA | ||
| 942 | _cBK | ||
| 999 |
_c188421 _d188421 |
||